| 000 | 00399nam a22001577a 4500 | ||
|---|---|---|---|
| 003 | SGT | ||
| 020 | _a978-8131230916 | ||
| 082 |
_a617.63 _bO13O |
||
| 100 | _aONGOLE, RAVIKIRAN | ||
| 245 | _aTEXTBOOK OF ORAL MEDICINE ORAL DIAGNOSIS AND ORAL RADIOLOGY | ||
| 250 | _a2nd | ||
| 260 |
_aDelhi India _b Elsevier India _c2013 |
||
| 300 | _a1-896 | ||
| 650 | _aORAL MEDICINE | ||
| 942 |
_2ddc _cBK _02 |
||
| 999 |
_c21845 _d21845 |
||